Cristalización del Espacio (Record no. 1758)
[ view plain ]
| 000 -LEADER | |
|---|---|
| campo de control de longitud fija | 00440nam a22001097a 4500 |
| 008 - DATOS DE LONGITUD FIJA--INFORMACIÓN GENERAL | |
| campo de control de longitud fija | 190327b xxu||||| |||| 00| 0 eng d |
| 082 ## - NÚMERO DE LA CLASIFICACIÓN DECIMAL DEWEY | |
| Número de clasificación | 708 |
| Número de ítem | OR68c |
| 100 ## - ENTRADA PRINCIPAL--NOMBRE DE PERSONA | |
| Nombre de persona | Barahona, Rolando; Ribot Pérez, Tahituey; Díaz Bringas, Tamara. |
| 9 (RLIN) | 6979 |
| 245 ## - MENCIÓN DEL TÍTULO | |
| Título | Cristalización del Espacio |
| 300 ## - DESCRIPCIÓN FÍSICA | |
| Extensión | 24 p. |
| Otras características físicas | ill (col). |
| Dimensiones | 20,2 cm |
| 650 ## - PUNTO DE ACCESO ADICIONAL DE MATERIA--TÉRMINO DE MATERIA | |
| Fuente del encabezamiento o término | Arte contemporáneo |
| Subdivisión de forma | Arte - exhibiciones |
| Subdivisión general | Arte - instalaciones |
| -- | Arte - instalaciones - MADC |
| Subdivisión geográfica | Arte - Polonia |
| 9 (RLIN) | 6980 |
| Estatus retirado | Estado de pérdida | Fuente del sistema de clasificación o colocación | Estado de daño | No para préstamo | Biblioteca de origen | Biblioteca actual | Ubicación en estantería | Fecha de adquisición | Total de préstamos | Signatura topográfica completa | Código de barras | Visto por última vez | Precio de reemplazo | Tipo de ítem Koha |
|---|---|---|---|---|---|---|---|---|---|---|---|---|---|---|
| Clasificación Decimal Dewey | Biblioteca LadoV | Biblioteca LadoV | 27/03/2019 | 708 OR68c | 002230 | 27/03/2019 | 27/03/2019 | Material 01 |
